| 000 | 00848nam a2200205Ia 4500 | ||
|---|---|---|---|
| 008 | 000000[1998?] ag az 0000000000spa00 | ||
| 090 | _aPSZ00 B18p | ||
| 110 | 1 | _aMuseo Nacional de Bellas Artes. Buenos Aires | |
| 245 | 1 | 0 |
_aPaul Klee en el Museo Nacional de Bellas Artes _c/ textos y curaduría Michael Baumbartner, Jorge Glusberg, Josef Helfenstein |
| 300 |
_a96 p. _c/ 30 cm. |
||
| 500 | _aCon el patronazgo del maestro venezolano Jesús Rafael Soto (q.e.p.d.) | ||
| 600 | 0 | 0 |
_aKLEE, PAUL, 18791940/ _xTRABAJOS PICTORICOS |
| 650 | 1 | 4 | _aARTE CONTEMPORANEO SUIZO |
| 650 | 1 | 4 | _aARTISTAS PLASTICOS SUIZOS |
| 650 | 1 | 4 | _xCATALOGOS |
| 650 | 1 | 4 | _xEXPOSICIONES |
| 650 | 1 | 4 | _aPINTURA SUIZA |
| 700 | 1 | _aBaumgartner, Michael \ Glusberg, Jorge \ Helfenstein, Josef | |
| 999 |
_c2693 _d2693 |
||
| 260 |
_aBuenos Aires : Museo Nacional de Bellas Artes _c1998 |
||